<?xml version="1.0" encoding="UTF-8"?>
<record
    xmlns:xsi="http://www.w3.org/2001/XMLSchema-instance"
    xsi:schemaLocation="http://www.loc.gov/MARC21/slim http://www.loc.gov/standards/marcxml/schema/MARC21slim.xsd"
    xmlns="http://www.loc.gov/MARC21/slim">

  <leader>01076nam0a22002531i 4500</leader>
  <controlfield tag="001">rc\3482203</controlfield>
  <controlfield tag="005">20260405094507.0</controlfield>
  <datafield tag="021" ind1=" " ind2=" ">
    <subfield code="a">RU</subfield>
    <subfield code="b">[75-1707&#x430;]</subfield>
  </datafield>
  <datafield tag="035" ind1=" " ind2=" ">
    <subfield code="a">(NLR Aleph) 007602467</subfield>
  </datafield>
  <datafield tag="090" ind1=" " ind2=" ">
    <subfield code="a">5729285</subfield>
    <subfield code="c">5729285</subfield>
  </datafield>
  <datafield tag="100" ind1=" " ind2=" ">
    <subfield code="a">20130115d1974    |||y0rusy50      ca</subfield>
  </datafield>
  <datafield tag="101" ind1="0" ind2=" ">
    <subfield code="a">rus</subfield>
  </datafield>
  <datafield tag="102" ind1=" " ind2=" ">
    <subfield code="a">RU</subfield>
  </datafield>
  <datafield tag="105" ind1=" " ind2=" ">
    <subfield code="a">y   d   |||||</subfield>
  </datafield>
  <datafield tag="200" ind1="1" ind2=" ">
    <subfield code="a">&#x41B;&#x435;&#x43A;&#x441;&#x438;&#x447;&#x435;&#x441;&#x43A;&#x43E;&#x435; &#x437;&#x43D;&#x430;&#x447;&#x435;&#x43D;&#x438;&#x435; &#x432; &#x441;&#x43B;&#x43E;&#x432;&#x435; &#x438; &#x441;&#x43B;&#x43E;&#x432;&#x43E;&#x441;&#x43E;&#x447;&#x435;&#x442;&#x430;&#x43D;&#x438;&#x438;</subfield>
    <subfield code="e">(&#x41D;&#x430; &#x43C;&#x430;&#x442;&#x435;&#x440;&#x438;&#x430;&#x43B;&#x435; &#x430;&#x43D;&#x433;&#x43B;. &#x44F;&#x437;.)</subfield>
    <subfield code="e">&#x410;&#x432;&#x442;&#x43E;&#x440;&#x435;&#x444;. &#x434;&#x438;&#x441;. &#x43D;&#x430; &#x441;&#x43E;&#x438;&#x441;&#x43A;. &#x443;&#x447;&#x435;&#x43D;. &#x441;&#x442;&#x435;&#x43F;&#x435;&#x43D;&#x438; &#x434;-&#x440;&#x430; &#x444;&#x438;&#x43B;&#x43E;&#x43B;. &#x43D;&#x430;&#x443;&#x43A;</subfield>
    <subfield code="e">(10.02.04)</subfield>
    <subfield code="f">&#x41B;&#x435;&#x43D;&#x438;&#x43D;&#x433;&#x440;. &#x433;&#x43E;&#x441;. &#x43F;&#x435;&#x434;. &#x438;&#x43D;-&#x442; &#x438;&#x43C;. &#x410;.&#x418;. &#x413;&#x435;&#x440;&#x446;&#x435;&#x43D;&#x430;</subfield>
  </datafield>
  <datafield tag="210" ind1=" " ind2=" ">
    <subfield code="a">&#x41B;&#x435;&#x43D;&#x438;&#x43D;&#x433;&#x440;&#x430;&#x434;</subfield>
    <subfield code="d">1974</subfield>
  </datafield>
  <datafield tag="215" ind1=" " ind2=" ">
    <subfield code="a">44 &#x441;.</subfield>
  </datafield>
  <datafield tag="320" ind1=" " ind2=" ">
    <subfield code="a">&#x421;&#x43F;&#x438;&#x441;&#x43E;&#x43A; &#x440;&#x430;&#x431;&#x43E;&#x442; &#x430;&#x432;&#x442;.: &#x441;. 43-44 (18 &#x43D;&#x430;&#x437;&#x432;.)</subfield>
  </datafield>
  <datafield tag="700" ind1=" " ind2="1">
    <subfield code="8">rus</subfield>
    <subfield code="7">ca</subfield>
    <subfield code="a">&#x41D;&#x438;&#x43A;&#x438;&#x442;&#x438;&#x43D;</subfield>
    <subfield code="b">&#x41C;. &#x412;.</subfield>
    <subfield code="c">&#x434;-&#x440; &#x444;&#x438;&#x43B;&#x43E;&#x43B;. &#x43D;&#x430;&#x443;&#x43A;, &#x430;&#x43D;&#x433;&#x43B;. &#x44F;&#x437;&#x44B;&#x43A;</subfield>
    <subfield code="f">1929-2009</subfield>
    <subfield code="g">&#x41C;&#x438;&#x445;&#x430;&#x438;&#x43B; &#x412;&#x430;&#x441;&#x438;&#x43B;&#x44C;&#x435;&#x432;&#x438;&#x447;</subfield>
    <subfield code="3">RU\NLR\AUTH\7735189</subfield>
    <subfield code="9">18187</subfield>
  </datafield>
  <datafield tag="801" ind1=" " ind2="0">
    <subfield code="a">RU</subfield>
    <subfield code="b">NLR</subfield>
    <subfield code="g">psbo</subfield>
  </datafield>
  <datafield tag="801" ind1=" " ind2="1">
    <subfield code="a">RU</subfield>
    <subfield code="b">ELAR</subfield>
    <subfield code="2">rusmarc</subfield>
  </datafield>
  <datafield tag="852" ind1=" " ind2=" ">
    <subfield code="a">NLR</subfield>
    <subfield code="j">74-6/7865</subfield>
  </datafield>
  <datafield tag="942" ind1=" " ind2=" ">
    <subfield code="c">BOOK</subfield>
  </datafield>
</record>
